Dawn raids. Citizen police, birds, hunters, and poachers in the outskirts of Naples (notice n° 1643932)

détails MARC
000 -LEADER
fixed length control field 01447cam a2200169 4500500
005 - DATE AND TIME OF LATEST TRANSACTION
control field 20260208000730.0
041 ## - LANGUAGE CODE
Language code of text/sound track or separate title fre
042 ## - AUTHENTICATION CODE
Authentication code dc
100 10 - MAIN ENTRY--PERSONAL NAME
Personal name Manceron, Vanessa
Relator term author
245 00 - TITLE STATEMENT
Title Dawn raids. Citizen police, birds, hunters, and poachers in the outskirts of Naples
260 ## - PUBLICATION, DISTRIBUTION, ETC.
Date of publication, distribution, etc. 2026.<br/>
500 ## - GENERAL NOTE
General note 31
520 ## - SUMMARY, ETC.
Summary, etc. This article explores the official recognition of a citizens’police force for the protection of animals and the environment, which constitutes an important European precedent to follow. We examine the close relationship that is developing in Italy between activism and legality. The interplay between the activity of these guards and the law can be seen in two ways: on the one hand, the institution of the guards arises from the legal activity itself; on the other hand, this type of institution affects the relationship that is established in the territories between legality and the protection of birds. This reveals a relationship with the law that is not the monopoly of the authorities alone, since it involves citizens who make use of the legal framework, following a dynamic in which the law is no longer simply an instrument of state power but an issue in power local relationships.
700 10 - ADDED ENTRY--PERSONAL NAME
Personal name Gugg, Giovanni
Relator term author
786 0# - DATA SOURCE ENTRY
Note Civilisations | - | 1 | 2026-01-28 | p. 15-30 | 0009-8140
856 41 - ELECTRONIC LOCATION AND ACCESS
Uniform Resource Identifier <a href="https://shs.cairn.info/journal-civilisations-2024-1-page-15?lang=en&redirect-ssocas=7080">https://shs.cairn.info/journal-civilisations-2024-1-page-15?lang=en&redirect-ssocas=7080</a>

Pas d'exemplaire disponible.

PLUDOC

PLUDOC est la plateforme unique et centralisée de gestion des bibliothèques physiques et numériques de Guinée administré par le CEDUST. Elle est la plus grande base de données de ressources documentaires pour les Étudiants, Enseignants chercheurs et Chercheurs de Guinée.

Adresse

627 919 101/664 919 101

25 boulevard du commerce
Kaloum, Conakry, Guinée

Réseaux sociaux

Powered by Netsen Group @ 2025